| 000 | 00458nam a2200133Ia 4500 | ||
|---|---|---|---|
| 008 | 170221s9999 xx 000 0 und d | ||
| 245 | _aWhat First Grade Teachers Reveal About Vocabulary Instruction: Aligning Instruction to the Common Core State Standards | ||
| 260 | _bThe Open Communication Journal | ||
| 260 | _c2015 | ||
| 300 | _a9 : | ||
| 650 | _xCommunication | ||
| 650 | _xMedia Arts | ||
| 856 | _uhttps://benthamopen.com/TOCOMMJ/VOLUME/9/ISSUE/001/ | ||
| 999 |
_c307141 _d307141 |
||